A-Z: words ending in O - Statistics

General Stats
  • This quiz has been taken 83 times
  • The average score is 17 of 25
Answer Stats
Initial letter Clue Word ending in O % Correct
H Greeting Hello
95%
C Goods which are transported on a vehicle Cargo
93%
M Highly irritating, disease-carrying insect Mosquito
93%
Z Public place where animals are kept Zoo
93%
E Sound which reverberates and returns to its original point Echo
92%
A In addition; as well Also
90%
K Bounding Australian marsupial Kangaroo
90%
O Herb used with pasta and other dishes Oregano
90%
D Perform a task, take an action Do
89%
I Blue colour Indigo
89%
L Dance in which you pass under a low bar; also an uncertain situation that you cannot control and in which there is no progress Limbo
89%
G Travel Go
88%
J Spicy pepper Jalapeno
86%
N One-word statement negating what the previous speaker has asserted or requested No
82%
R Savoury Italian rice dish Risotto
82%
B Mexican flour tortilla rolled or folded around a filling Burrito
81%
F Badly-organised disaster Fiasco
68%
Y Exclamation of celebration/joy Yahoo
67%
U Be processed in some way or put through a certain treatment Undergo
48%
T Tree of swampy habitats, giving its name to a town in Mississippi Tupelo
32%
Q Semi-public government body deemed by some to be unnecessary Quango
22%
V Woman with masculine qualities Virago
15%
W A mackerel-like fish; also a type of elm tree Wahoo
14%
P A minor fault or sin Peccadillo
11%
S Classic-shaped mountain which emits lava Stratovolcano
10%
No matching quizzes found
Score Distribution
Percent of People with Each Score
Percentile by Number Answered
Your Score History
You have not taken this quiz